000 004550000a22001810004500
003 MACL
005 20151007121707.0
008 151007b xxu||||| |||| 00| 0 eng d
040 _aMACL
_cMACL
041 _aEnglish
082 _a920
100 _aPanikkar, Ayyappa K.
_913951
245 _aKerala Writers In English
_bSeries 1 Vol 4
260 _bMacmillan India
_c1982
_aMadras
350 _a11.75
650 _aBiography
_913952
942 _cBK
_k920
_2ddc
999 _c6033
_d6033